KOHA-Header-6

The Income Tax Ordinance 2001 (Record no. 9034)

000 -LEADER
fixed length control field 00274nam a2200109Ia 4500
100 ## - MAIN ENTRY--AUTHOR NAME
Personal name Dr. Ilyas Zafar
245 #4 - TITLE STATEMENT
Title The Income Tax Ordinance 2001
260 ## - PUBLICATION, DISTRIBUTION, ETC. (IMPRINT)
Place of publication New Delhi
Name of publisher Addison -Wesley
Year of publication 1993
300 ## - PHYSICAL DESCRIPTION
Number of Pages 288
942 ## - ADDED ENTRY ELEMENTS (KOHA)
Koha item type Books
Holdings
Withdrawn status Lost status Collection code Permanent Location Current Location Shelving location Date acquired Full call number Accession Number Koha item type
    Law MAJU MAJU Shelf No.A46 2019-09-14 658.848 4322 Law

Powered by Koha